|
|
|
|
| LEADER |
01083nam a2200301 a 4500 |
| 001 |
5411 |
| 003 |
BD-DhAAL |
| 005 |
20150914090803.0 |
| 008 |
920429s1992 nyua b 001 0 eng |
| 010 |
|
|
|a 92017433
|
| 020 |
|
|
|a 0070068216 :
|c $43.95
|
| 040 |
|
|
|a DLC
|c DLC
|d DLC
|d BD-DhAAL
|
| 050 |
0 |
0 |
|a HF5351
|b .R26 1993
|
| 082 |
0 |
0 |
|a 658
|2 20
|
| 245 |
0 |
0 |
|a Business today /
|c David J. Rachman ... [et al.].
|
| 250 |
|
|
|a 7th ed.
|
| 260 |
|
|
|a New York :
|b McGraw-Hill,
|c c1993.
|
| 300 |
|
|
|a 1 v. (various pagings) :
|b col. ill. ;
|c 28 cm.
|
| 500 |
|
|
|a Rev. ed. of: Business today / David J. Rachman. 6th ed. c1989.
|
| 504 |
|
|
|a Includes bibliographical references and indexes.
|
| 541 |
|
|
|e 5411
|
| 650 |
|
0 |
|a Business.
|9 14614
|
| 650 |
|
0 |
|a Management
|z United States.
|9 14615
|
| 700 |
1 |
|
|a Rachman, David J.
|9 14616
|
| 700 |
1 |
|
|a Rachman, David J.
|t Business today.
|9 14617
|
| 942 |
|
|
|2 ddc
|c BK
|
| 999 |
|
|
|c 35522
|d 35522
|
| 952 |
|
|
|0 0
|1 0
|2 ddc
|4 0
|6 658_000000000000000_BUS
|7 0
|9 55874
|a SCL
|b SCL
|c GEN
|d 2015-09-14
|e Gift: The Asia Foundation
|l 0
|o 658 BUS
|p 3020005411
|r 2015-09-14
|t 1
|w 2015-09-14
|y BK
|